| 000 | 00551nam a2200157Ia 4500 | ||
|---|---|---|---|
| 005 | 20250329113302.0 | ||
| 008 | 231217s9999 xx 000 0 und d | ||
| 020 | _a9788131412695 | ||
| 082 | _a658.04 GUP;1 R | ||
| 100 | _aGupta, Vipin. Lerenbury, Nancy. Moore, Lynoc, L [et al...] | ||
| 245 | 0 | _aCulturally sensitive models of gender in family business : a compendium using the globe paradigm | |
| 260 |
_c2008 _bIcfai _aHyderabad |
||
| 300 | _axvi, 243 | ||
| 650 | _aCulturally,sensitive,business,compendium,using,globe,paradigm | ||
| 942 | _cAA | ||
| 999 |
_c188984 _d188984 |
||